01390cam a22002291 4500001001300000003000400013005001700017008004100034010001700075025002100092040001800113043001200131050002100143245004200164260006800206300003500274500001700309505072700326651005101053710003901104999001701143sa 68018998 DLC20260227112716.0860619s1968 io 000 0 eng  asa 68018998  aPL480: Indo-7944 aDLCcDLCdDLC aa-io---00aJQ769 1968b.T6800aTowards a sound democratic mechanism. a[Djakarta]bDept. of Information, Republic of Indonesiac[1968] a1 v. (various pagings)c33 cm. aCover title.0 aRefreshing of the Dewan Perwakilan Rakjat (House of Representatives).--Clarification by the Acting President concerning important national problems before the Working Committee of the House of Representatives.--Opening address by the Chairman of the Provisional People's Consultative Assembly, General Dr. A.H. Nasution, before its 5th general session.--Report and clarifications by Acting President General Soeharto to the 5th general session of the Provisional People's Consultative Assembly.--First address by General Soeharto before the 5th session of the Provisional People's Consultative Assembly, after his election as president.--Decree of the 5th general session of the Provisional People's Consultative Assembly. 0aIndonesiaxPolitics and governmenty1966-1998.1 aIndonesia.bDepartemen Penerangan. c88763d88763